| 000 | 00638nam a2200181 u 4500 | ||
|---|---|---|---|
| 001 | 000253331 | ||
| 003 | AM-YeHGA | ||
| 005 | 20250617125103.0 | ||
| 008 | 030808s1955 ai r 000 0 arm d | ||
| 040 | _aAM-YeHGA | ||
| 100 | 1 | _aԲաբայան, Թ.Մ. | |
| 245 | 1 | 0 |
_aՏուբերկուլյոզը բուժելի է / _cԹ.Մ. Բաբայան; ՀՍՍՌ Առողջապահ. մինիստր. |
| 260 |
_aԵրևան : _bՀայպետհրատ, _c1955. |
||
| 300 |
_a28 էջ ; _c20 սմ. |
||
| 650 | 1 | 4 | _aՎարակիչ հիվանդություն |
| 710 | 2 | _aՀՍՍՌ Առողջապահության մինիստրություն | |
| 090 | _c92289 | ||
| 999 |
_c90994 _d90994 |
||